000 00355nam a22001217a 4500
008 160425b xxu||||| |||| 00| 0 eng d
020 _a9780323071239
020 _a9780323071239
041 _aeng
080 _a618.2
245 _aNursing care of infants and children;
_cMarilyn J. Hockenberry; Anne Rath Rentfro; Linda Sawyer McCompbell;
942 _2udc
_cBK
999 _c1580
_d1580